| 000 | 00863nam a2200157 4500 | ||
|---|---|---|---|
| 001 | 14050 | ||
| 005 | 20260326112737.0 | ||
| 010 | _a9782847053258 | ||
| 090 | _a14050 | ||
| 099 | _o0 | ||
| 100 | _a20260326d u||y0frey50 ba | ||
| 200 |
_aTerrier _bLIVR |
||
| 323 | _a3 personnages | ||
| 330 | _aTrois animaux, un blaireau, une chouette effraie et une musaraigne aquatique se réfugient dans un terrier. Plongés dans l’obscurité, ils se sentent, ils se devinent, ils s’entendent. Jusqu’à ce que le monde d’en haut les oblige à cohabiter. Fable résolument écologique, /T(e)r:::r/ie:::r est une histoire qui bruisse, zieute, fourrage, sniffe, chuinte, et propose, à travers une partition poétique ludique, sonore et imagée, de raconter des vies animales qui se respirent si proches de nous… | ||
| 610 |
_aVivant _anature _aécologie |
||
| 700 |
_aSoublin _bGwendoline |
||